ბათუმის შოთა რუსთაველის სახელმწიფო უნივერსიტეტის ბიბლიოთეკა

Процессы и аппараты химической и нефтехимической технологии. (ბიბ.ჩანაწერი № 38227)

000 -LEADER
fixed length control field 00827nam a2200241Ia 4500
001 - CONTROL NUMBER
control field 4217
003 - CONTROL NUMBER IDENTIFIER
control field GE_BSU
008 - FIXED-LENGTH DATA ELEMENTS--GENERAL INFORMATION
fixed length control field 181216s||||||||xx |||||||||||||| ||und||
040 ## - CATALOGING SOURCE
Transcribing agency GE_BSU
080 ## - UNIVERSAL DECIMAL CLASSIFICATION NUMBER
Universal Decimal Classification number 66.01(075.8)
100 ## - MAIN ENTRY--PERSONAL NAME
Personal name Плановский,А.Н. Николаев,И.П.
245 ## - TITLE STATEMENT
Title Процессы и аппараты химической и нефтехимической технологии.
245 ## - TITLE STATEMENT
Remainder of title Учебник для вузов.
245 ## - TITLE STATEMENT
Statement of responsibility, etc. Ред. Р.Е. Миневич.
250 ## - EDITION STATEMENT
Edition statement 3-е изд. перераб. и доп.
260 ## - PUBLICATION, DISTRIBUTION, ETC.
Place of publication, distribution, etc. М.
260 ## - PUBLICATION, DISTRIBUTION, ETC.
Name of publisher, distributor, etc. Химия.
260 ## - PUBLICATION, DISTRIBUTION, ETC.
Date of publication, distribution, etc. 1987.
300 ## - PHYSICAL DESCRIPTION
Extent 496 стр. 22 см.
300 ## - PHYSICAL DESCRIPTION
Accompanying material рис.
653 ## - INDEX TERM--UNCONTROLLED
Uncontrolled term Процессы и аппараты химической и нефтехимической технологии.
942 ## - ADDED ENTRY ELEMENTS (KOHA)
Koha item type წიგნი

არაა ხელმისაწვდომი ეგზემპლარები.